Hướng dẫn quyết toán vốn đầu tư (thông tư số 70/2000/TT-BTC ngày 17-7-2000 của Bộ tài chính)
保存先:
| フォーマット: | 図書 |
|---|---|
| 言語: | Vietnamese |
| 出版事項: |
Hà Nội :
Xây dựng,
2000.
|
| 主題: | |
| タグ: |
タグ追加
タグなし, このレコードへの初めてのタグを付けませんか!
|
| Thư viện lưu trữ: | Mạng thư viện Đại học Đà Nẵng |
|---|
| LEADER | 00827cam a2200313 i 4500 | ||
|---|---|---|---|
| 001 | 000044631 | ||
| 003 | 3034 | ||
| 005 | 20030923092750.0 | ||
| 008 | 010307b2000 vm 000 vie | ||
| 020 | |c 9000 | ||
| 040 | |a IRC |c IRC |d IRC | ||
| 041 | 0 | |a vie | |
| 082 | 1 | 4 | |a 332.0414 |b Hư-D |
| 245 | 0 | 0 | |a Hướng dẫn quyết toán vốn đầu tư (thông tư số 70/2000/TT-BTC ngày 17-7-2000 của Bộ tài chính) |
| 260 | |a Hà Nội : |b Xây dựng, |c 2000. | ||
| 300 | |a 56tr. ; |c 19cm. | ||
| 630 | 0 | 4 | |a Kinh tế. |
| 630 | 0 | 4 | |a Vốn đầu tư. |
| 650 | 0 | 4 | |a Vốn |x Đầu tư. |
| OWN | |a DUT | ||
| 999 | |a From the UDN01 | ||
| TYP | |a Monograph | ||
| TYP | |a Printed language | ||
| 980 | |a Mạng thư viện Đại học Đà Nẵng | ||